000 00272nam a2200109Ia 4500
005 20251222144711.0
008 251222s9999||||xx |||||||||||||| ||spa||
082 _a670.427/I59
245 0 _aManual para la Construcción de un Data Warehouse
264 _bINEI
942 _cLIB
999 _c17840
_d17840